000 00340pab a2200121 454500
008 180718b xxu||||| |||| 00| 0 eng d
100 _aJoyce, Peter
245 _aThe transition from `old' to `New' policing in early 19th century Manchester
650 _a Manchester Police Act
650 _aPolice
773 _aPolice Journal
909 _a24421
999 _c24421
_d24421